|
|
|
|
| LEADER |
02429nam a22004815i 4500 |
| 001 |
978-3-642-28341-3 |
| 003 |
DE-He213 |
| 005 |
20151116131405.0 |
| 007 |
cr nn 008mamaa |
| 008 |
120220s2012 gw | s |||| 0|eng d |
| 020 |
|
|
|a 9783642283413
|9 978-3-642-28341-3
|
| 024 |
7 |
|
|a 10.1007/978-3-642-28341-3
|2 doi
|
| 040 |
|
|
|d GrThAP
|
| 050 |
|
4 |
|a QD415-436
|
| 072 |
|
7 |
|a PNN
|2 bicssc
|
| 072 |
|
7 |
|a SCI013040
|2 bisacsh
|
| 082 |
0 |
4 |
|a 547
|2 23
|
| 245 |
1 |
0 |
|a Beauty in Chemistry
|h [electronic resource] :
|b Artistry in the Creation of New Molecules /
|c edited by Luigi Fabbrizzi.
|
| 264 |
|
1 |
|a Berlin, Heidelberg :
|b Springer Berlin Heidelberg,
|c 2012.
|
| 300 |
|
|
|a XI, 169 p. 138 illus., 59 illus. in color.
|b online resource.
|
| 336 |
|
|
|a text
|b txt
|2 rdacontent
|
| 337 |
|
|
|a computer
|b c
|2 rdamedia
|
| 338 |
|
|
|a online resource
|b cr
|2 rdacarrier
|
| 347 |
|
|
|a text file
|b PDF
|2 rda
|
| 490 |
1 |
|
|a Topics in Current Chemistry,
|x 0340-1022 ;
|v 323
|
| 505 |
0 |
|
|a Margherita Venturi Enrico Marchi Vincenzo Balzani The Beauty of Chemistry in the Words of Writers and in the Hands of Scientists -- Luigi Fabbrizzi Living in a Cage Is a Restricted Privilege -- Kenneth N. Raymond Casey J. Brown Inner and Outer Beauty -- Carson J. Bruns J. Fraser Stoddart The Mechanical Bond: A Work of Art -- Jean-Pierre Sauvage David B. Amabilino The Beauty of Knots at the Molecular Level.
|
| 520 |
|
|
|a Margherita Venturi Enrico Marchi Vincenzo Balzani The Beauty of Chemistry in the Words of Writers and in the Hands of Scientists Luigi Fabbrizzi Living in a Cage Is a Restricted Privilege Kenneth N. Raymond Casey J. Brown Inner and Outer Beauty Carson J. Bruns J. Fraser Stoddart The Mechanical Bond: A Work of Art Jean-Pierre Sauvage David B. Amabilino The Beauty of Knots at the Molecular Level.
|
| 650 |
|
0 |
|a Chemistry.
|
| 650 |
|
0 |
|a Organic chemistry.
|
| 650 |
|
0 |
|a Physical chemistry.
|
| 650 |
|
0 |
|a Polymers.
|
| 650 |
1 |
4 |
|a Chemistry.
|
| 650 |
2 |
4 |
|a Organic Chemistry.
|
| 650 |
2 |
4 |
|a Polymer Sciences.
|
| 650 |
2 |
4 |
|a Physical Chemistry.
|
| 700 |
1 |
|
|a Fabbrizzi, Luigi.
|e editor.
|
| 710 |
2 |
|
|a SpringerLink (Online service)
|
| 773 |
0 |
|
|t Springer eBooks
|
| 776 |
0 |
8 |
|i Printed edition:
|z 9783642283406
|
| 830 |
|
0 |
|a Topics in Current Chemistry,
|x 0340-1022 ;
|v 323
|
| 856 |
4 |
0 |
|u http://dx.doi.org/10.1007/978-3-642-28341-3
|z Full Text via HEAL-Link
|
| 912 |
|
|
|a ZDB-2-CMS
|
| 950 |
|
|
|a Chemistry and Materials Science (Springer-11644)
|